| 000 | 00498nam a2200157Ia 4500 | ||
|---|---|---|---|
| 003 | IN-BaIIA | ||
| 005 | 20250703165306.0 | ||
| 008 | 211028s9999 xx 000 0 eng d | ||
| 040 | _cIIA Library | ||
| 080 |
_a083.550.38 _bIAGA-16A |
||
| 110 |
_aInternational Association of Geomagnetism and Aeronomy _93939 |
||
| 245 | 0 |
_aPaleomagnetisme et variation secularie _cInternational Association of Geomagnetism and Aeronomy |
|
| 260 |
_aParis _bTaffin-Lefort _c1959 |
||
| 300 | _a111p. | ||
| 942 |
_cBK _2ddc |
||
| 999 |
_c2160 _d2160 |
||